Hong Kong Extradition Bill Protest (June to August 2019 Quiz - Statistics

General Stats
  • This quiz has been taken 37 times
  • The average score is 8 of 9
Answer Stats
Question Answer % Correct
Which year did the protest start? 2019
100%
What is the song regarded as the Hong Kong's National Anthem? Glory to Hong Kong
100%
Which transportation company is greatly rejected? MTR
100%
Terrorist attacks take place at Yuen Long and _________________ MTR station. Prince Edward
100%
During 612 Admiralty Protest, what weapons were used by the police? Tear gas, rubber bullets, beanbag rounds
100%
How many demands are there? 5
83%
The protest started because __________ killed his girlfriend in Taiwan and fled back to Hong Kong. Chan Tong-kai
83%
What is the animal resembling the police? Dog
83%
What is the colour for the group resembling against the police? Yellow
67%
No matching quizzes found
Score Distribution
Percent of People with Each Score
Percentile by Number Answered
Your Score History
You have not taken this quiz